O literature i iskusstve /

Hlavní autor: Lenin, Vladimir Il‘jič, 1870-1924
Další autoři: Krutikova, Nina Ivanovna
Jazyk: Ruština
Vydáno: Moskva : Chudožestvennaja literatura, 1976
Vydání: 5. izd. dopol.
Edice: Bibliotečnaja serija (Chudožestvennaja literatura)
Fyzický popis: 826 s., obr. příl. : il.
Knihy
Uloženo v:
LEADER 00854nam a22002412a 4500
001 001427438
003 CZ BrMZK
005 20180725152300.0
007 ta
008 141010s1976 ru af er|||||||||||rus d
040 |a BOA001  |b cze 
100 1 |a Lenin, Vladimir Il‘jič,  |d 1870-1924  |7 jn19981001737  |4 aut 
245 1 0 |a O literature i iskusstve /  |c Vladimir Il'jič Lenin ; sost. N.I. Krutikova 
250 |a 5. izd. dopol. 
260 |a Moskva :  |b Chudožestvennaja literatura,  |c 1976 
300 |a 826 s., obr. příl. :  |b il. 
490 1 |a Bibliotečnaja serija 
700 1 |a Krutikova, Nina Ivanovna  |7 jx20130628005  |4 com 
830 0 |a Bibliotečnaja serija (Chudožestvennaja literatura) 
910 |a BOA001  |b 2-0394.475-76 
990 |a BK 
991 |b 201410 
996 7 |b 2619132819  |c 2-0394.475-76  |l MZK  |r Sklad / do 24 hodin  |n 0  |w 001462414  |u 000010  |a 1  |e BOA001  |j MZK50  |s A